|
|
|
|
| LEADER |
00000nlm0a2200000 4500 |
| 001 |
306411 |
| 005 |
20231102001906.0 |
| 035 |
|
|
|a (RuTPU)RU\TPU\book\331688
|
| 035 |
|
|
|a RU\TPU\book\331674
|
| 090 |
|
|
|a 306411
|
| 100 |
|
|
|a 20151007d2010 k y0engy50 ba
|
| 101 |
0 |
|
|a eng
|
| 102 |
|
|
|a NL
|
| 105 |
|
|
|a a z 001zy
|
| 135 |
|
|
|a drcn ---uucaa
|
| 200 |
1 |
|
|a Centrifugal Pump
|e handbook
|b Electronic resource
|f Sulzer Pumps
|
| 203 |
|
|
|a Text
|c electronic
|
| 205 |
|
|
|a third ed.
|
| 210 |
|
|
|a Amsterdam
|c Elsevier
|d 2010
|
| 230 |
|
|
|a 1 компьютерный файл (pdf; 8.3 Mb)
|
| 300 |
|
|
|a Заглавие с титульного экрана
|
| 333 |
|
|
|a Режим доступа: из корпоративной сети ТПУ
|
| 337 |
|
|
|a Adobe Reader
|
| 606 |
1 |
|
|a Насосы центробежные
|x Детали
|x Расчет
|2 stltpush
|3 (RuTPU)RU\TPU\subj\45030
|9 64297
|
| 610 |
1 |
|
|a электронный ресурс
|
| 610 |
1 |
|
|a центробежные насосы
|
| 610 |
1 |
|
|a справочники
|
| 610 |
1 |
|
|a насосы
|
| 610 |
1 |
|
|a конструкции
|
| 675 |
|
|
|a 621.671
|v 3
|
| 700 |
|
0 |
|a Sulzer Pumps
|
| 801 |
|
1 |
|a RU
|b 63413507
|c 20131216
|
| 801 |
|
2 |
|a RU
|b 63413507
|c 20160614
|g RCR
|
| 856 |
4 |
|
|u http://www.lib.tpu.ru/fulltext2/m/2015/science_book/Centrifugal_Pump_Handbook.pdf
|
| 942 |
|
|
|c CF
|